| 000 | 00545nam a22001817a 4500 | ||
|---|---|---|---|
| 999 |
_c188311 _d188311 |
||
| 005 | 20220518151639.0 | ||
| 010 | _aENG-132646 | ||
| 020 |
_a978-93-89740-72-1 _c1995.00 |
||
| 035 | _aEN-116178 | ||
| 037 | _bDBAD/PUB | ||
| 082 | _a150.724 | ||
| 100 | _aChaube, S.P. | ||
| 245 |
_aExperimental Psychology/ _cS.P. Chaube and Akhilesh Chaube |
||
| 260 |
_aHyderabad _bNeelkamal Publications PVT. Ltd. _c2021 |
||
| 270 |
_aSultan Bazar _bHyderabad _e500095 |
||
| 300 |
_axxiii,470p _c24cm(hbk) |
||
| 942 |
_2ddc _cEN _mCHA _h150.724 |
||